000
00349nam a2200133Ia 4500
008
151001s9999||||xx |||||||||||||| ||und||
100
_a
सुरभी अनिता
245
_a
प्रदक्षिणा
250
_a
1
260
_b
संजीव प्रकाशन
260
_c
1998
300
_a
160
365
_b
18
999
_c
974418
_d
974415